1476 1922 1801 1038 1800 1655 1043 1863 1796 1388 1753 1460 1990 1180 1809 1242 1151 1404 1431 1176 1712 1468 1692 1772 1191 1323 1793 1533 1787 1577 1596 1879 1983 1699 1725 1644 1706 1191 1442 1885 1123 1578 1991 1698 1824 1371 1093 1165 1533 1490 1740 1694 1245 1843 1850 1322 1935 1889 1009 1702 1861 1252 1323 1030 1282 1113 1654 1467 1693 1588 1037 1515 1809 1898 1989 1651 1673 1804 1321 1853 1354 1626 1775 1909 1404 1010 1405 1413 1929 1031 1910 1767 1587 1579 1404 1512 1398 1767 1232 BCNSPRNW ULIB Ver.6.0+V

เปลี่ยนเป็นภาษาไทย

Change to English
 แสดงรายละเอียดบรรณานุกรม
  กลับหน้าหลัก

Brief Record : Get Marc (ISO 2709) : E-mail record : QR code < ปิดหน้าต่าง
LEADER : 00000nam 2200000uu 4500
001    13399111529
003     ULIB
008    110630s||||||||th 000 0 tha d
020    9748346676
050  4 BQ4028^bพ361ศ 2543
100 0  สมเด็จพระพุฒาจารย์ (อาจ อาสภมหาเถร)
245 10 ศาสนาประจำชาติไทย /^c[สมเด็จพระพุฒาจารย์ (อาจ อาสภมหาเถร)]
250    พิมพ์ครั้งที่ 1
260    กรุงเทพฯ :^bโรงพิมพ์สหธรรมิก,^c2543
300    (8), 70 หน้า ;^c19 ซม.
500    พระบุญรอด สุปสนฺโนและผู้ศรัทธาในธรรมพิมพ์เป็นธรรมทาน
650  7 พุทธศาสนา^zไทย
945    ^p0^l0^i011782
995    ทศพร
999 ^a ใช้งานได้ทุกระบบ
รายการนี้ยังไม่มีแท็ก
คุณยังไม่ได้ล็อกอิน คุณสามารถมีกิจกรรมร่วมกับเว็บไซต์ได้ แต่ต้องล็อกอินก่อน ::
  ล็อกอิน

รายการสื่อสารสนเทศ

ลำดับที่ ประเภท เลขเรียก/บาร์โค้ด สถานที่ สถานะ
- ไม่พบข้อมูล -

BibComment


ยังไม่เคยถูกคอมเมนท์

คอมเมนท์ทรัพยากรรายการนี้
  คอมเมนท์: ศาสนาประจำชาติไทย..


 Copyright 2026. Bcnsprnw @Library